Oh Nuts! Quiz Stats

 Plays Quiz Updated Nov 29, 2016

Also try: Cookies!!!
Challenge
Share
Tweet
Score 0/15 Timer 03:00
0 Plays Today
% Correct
Cashew
96.5%
Peanut
95.6%
Walnut
93.9%
Almond
93.2%
Acorn
92.8%
Pistachio
88.1%
Pecan
82.2%
Hazelnut
71%
% Correct
Brazil nut
61.6%
Macadamia nut
52.9%
Sweet chestnut
50.3%
Pine nut
40.3%
Candlenut
2.3%
Ginkgo nut
1.4%
Breadnut
1.2%

You're not logged in!

Compare scores with friends on all Sporcle quizzes.
Join for Free
OR
Log In

You Might Also Like...

Show Comments

Extras

Top Quizzes Today


Score Distribution

Your Account Isn't Verified!

In order to create a playlist on Sporcle, you need to verify the email address you used during registration. Go to your Sporcle Settings to finish the process.

Report this User

Report this user for behavior that violates our Community Guidelines.

Details: